| Tag |
First Indicator |
Second Indicator |
Subfields |
| LEADER |
00000cam a2200000 a 4500 |
| 001 |
in00001203921 |
| 005 |
20151002074813.0 |
| 008 |
940301s1995 nyua 001 0 eng |
| 010 |
|
|
|a 94007828
|
| 020 |
|
|
|a 0070182396 (acid-free paper)
|
| 035 |
|
|
|a (OCoLC)30033000
|
| 035 |
|
|
|9 AGP1741AM
|
| 040 |
|
|
|a DLC
|c DLC
|d UtOrBLW
|
| 049 |
|
|
|a TXAM
|
| 050 |
0 |
0 |
|a KF902
|b .D8 1995
|
| 082 |
0 |
0 |
|a 343.73/078624
|a 347.30378624
|2 20
|
| 100 |
1 |
|
|a Bockrath, Joseph T.
|
| 245 |
1 |
0 |
|a Contracts and the legal environment for engineers and architects /
|c Joseph T. Bockrath.
|
| 250 |
|
|
|a 5th ed.
|
| 264 |
|
1 |
|a New York :
|b McGraw-Hill,
|c [1995]
|
| 264 |
|
4 |
|c ©1995
|
| 300 |
|
|
|a xxix, 496 pages :
|b illustrations ;
|c 25 cm.
|
| 336 |
|
|
|a text
|b txt
|2 rdacontent
|
| 337 |
|
|
|a unmediated
|b n
|2 rdamedia
|
| 338 |
|
|
|a volume
|b nc
|2 rdacarrier
|
| 490 |
1 |
|
|a McGraw-Hill series in construction engineering and project management
|
| 500 |
|
|
|a Revised edition of: Dunham and Young's contracts, specifications, and law for engineers. 4th edition / Joseph T. Bockrath. c1986.
|
| 504 |
|
|
|a Includes bibliographical references and index.
|
| 650 |
|
0 |
|a Engineering contracts
|z United States.
|
| 650 |
|
0 |
|a Architectural contracts
|z United States.
|
| 650 |
|
0 |
|a Construction contracts
|z United States.
|
| 700 |
1 |
|
|a Dunham, Clarence W.
|q (Clarence Whiting),
|d 1891-
|t Contracts, specifications, and law for engineers.
|
| 740 |
0 |
|
|a Contracts, specifications, and law for engineers.
|
| 830 |
|
0 |
|a McGraw-Hill series in construction engineering and project management.
|
| 999 |
|
|
|a MARS
|
| 999 |
f |
f |
|s d2b7b3e2-6898-3daf-bd47-7206944d4e54
|i 76e78940-aebc-3f7b-86b8-ecf099a2cdf6
|t 0
|
| 952 |
f |
f |
|p normal
|a Texas A&M University
|b College Station
|c Sterling C. Evans Library
|d Evans: Library Stacks
|t 0
|e KF902 .D8 1995
|h Library of Congress classification
|i unmediated -- volume
|m A14819718853
|
| 998 |
f |
f |
|a KF902 .D8 1995
|t 0
|l Evans: Library Stacks
|